000 00660nam a2200241Ia 4500
003 OSt
005 20221006165153.0
006 a|||||r|||| 00| 0
007 ta
008 221006b |||||||| |||| 00| 0 eng d
024 _a1,186
037 _cTextual
040 _aFML
_cFML
_beng
041 _2eng
_aeng
082 _aNR56wM59, J5
100 _aKarpdes Maud Au.
_9679245
245 0 _aCecil Sharp
260 _aLondon
_bOxford University Press
_c1955
300 _a225 + 16
_ccm.
700 _a Strangways A H Fox Au.
942 _hNR56wM59, J5
_cTEXL
_2CC
999 _c1119859
_d1119859